| 000 | 00358 a2200169 4500 | ||
|---|---|---|---|
| 001 | 186507 | ||
| 020 | _a85-16-05319-9 | ||
| 040 | _cMagnum | ||
| 100 | _aMachado, Ana Maria | ||
| 240 | 1 | 0 |
_aA velha misteriosa _lpor |
| 245 | 1 | 0 | _aA velha misteriosa |
| 300 | _a20 | ||
| 362 | 0 | _a2006 | |
| 440 | 1 | _aModerna | |
| 697 | _aLITERATURA INFANTIL | ||
| 942 | _cBK | ||
| 999 |
_c186507 _d186507 |
||